Komplottextremismus und Demokratiedefizite: Entwicklungen und Denkanstöße aus niederländischer Perspektive

Saved in:  
Bibliographic Details
Main Author: Kowalski, Michael (Author)
Format: Electronic Article
Language:German
Published: 2023
In: MOTRA-Monitor 2022
Year: 2023, Pages: 326-337
Check availability: HBZ Gateway
Parallel Edition:Non-electronic

MARC

LEADER 00000caa a2200000 c 4500
001 1883918197
003 DE-627
005 20251117111347.0
007 cr uuu---uuuuu
008 240320s2023 xx |||||o 00| ||ger c
020 |a 9783981846966 
035 |a (DE-627)1883918197 
035 |a (DE-599)KXP1883918197 
040 |a DE-627  |b ger  |c DE-627  |e rda 
041 |a ger 
084 |a 2,1  |2 ssgn 
100 1 |a Kowalski, Michael  |e VerfasserIn  |4 aut 
109 |a Kowalski, Michael 
245 1 0 |a Komplottextremismus und Demokratiedefizite  |b Entwicklungen und Denkanstöße aus niederländischer Perspektive  |c Michael Kowalski 
264 1 |c 2023 
336 |a Text  |b txt  |2 rdacontent 
337 |a Computermedien  |b c  |2 rdamedia 
338 |a Online-Ressource  |b cr  |2 rdacarrier 
773 0 8 |i Enthalten in  |t MOTRA-Monitor 2022  |d Wiesbaden : MOTRA Bundeskriminalamt-Forschungsstelle Terrorismus/Extremismus, 2023  |g (2023), Seite 326-337  |h 1 Online-Ressource (535 Seiten)  |w (DE-627)187053624X  |z 9783981846966  |7 nnam 
773 1 8 |g year:2023  |g pages:326-337 
776 0 8 |i Erscheint auch als  |n Druck-Ausgabe  |a Kowalski, Michael  |t Komplottextremismus und Demokratiedefizite: Entwicklungen und Denkanstöße aus niederländischer Perspektive  |d 2022  |w (DE-627)1941392393  |k Non-Electronic 
951 |a AR 
ELC |a 1 
OAS |a 1  |b inherited from superior work 
ORI |a SA-MARC-krimdok_oa001.raw